Influencia de la duración de movimientos sísmicos en la respuesta de estructuras elásticas

Uloženo v:
Podrobná bibliografie
Hlavní autoři: Crempien L., Jorge (Autor), Saragoni H., Rodolfo (Autor)
Médium: Kniha
Jazyk:španělština
Vydáno: Santiago Universidad de Chile 1977
Edice:Publicación SES I, 3-77
Témata:
Tagy: Přidat tag
Žádné tagy, Buďte první, kdo vytvoří štítek k tomuto záznamu!

MARC

LEADER 00000nam a2200000 a 4500
001 UCU6135
003 CL-VaPUC
008 960614e19770000CL |||||||||||||||||spa|d
082 0 4 |a 624.176  |b CRE  |2 21 
100 0 |a Crempien L., Jorge  |e author  |9 364245 
700 0 |a Saragoni H., Rodolfo  |e author  |9 364246 
245 1 0 |a Influencia de la duración de movimientos sísmicos en la respuesta de estructuras elásticas 
300 |a 95 p 
942 |c BK 
945 |d 19960614 00:00:00  |a paguirre 
260 |a Santiago  |b Universidad de Chile  |c 1977 
650 0 |a Estructuras  |9 271908 
650 7 |a TECNOLOGIA DE LA CONSTRUCCION  |2 CL-VaPUC  |9 260196 
650 0 |a Elementos estructurales  |9 350100 
650 0 |a Propiedades mecánicas   |9 262507 
650 0 |a Terremotos  |9 267728 
650 0 |a Procesos estocásticos   |9 260364 
583 |a last modification  |c 19960614 00:00:00  |k Rodrigo Vera 
490 0 |a Publicación SES I, 3-77 
999 |c 249163  |d 249161 
952 |0 0  |1 0  |4 0  |6 624_176000000000000_CRE_1977  |7 0  |8 A  |9 266241  |a BIBING  |b BIBING  |d 2019-11-19  |i 1683586  |o 624.176 CRE 1977  |p 1683586  |r 2025-01-20  |w 2019-11-19  |y BK  |k CCL